Epreuves de sélection Gendarme adjoint volontaire 2025 : GAV APJA - GAV EP (notice n° 1702580)
[ vue normale ]
| 000 -LEADER | |
|---|---|
| fixed length control field | 01666cam a2200169 4500500 |
| 005 - DATE AND TIME OF LATEST TRANSACTION | |
| control field | 20260322000031.0 |
| 041 ## - LANGUAGE CODE | |
| Language code of text/sound track or separate title | fre |
| 042 ## - AUTHENTICATION CODE | |
| Authentication code | dc |
| 100 10 - MAIN ENTRY--PERSONAL NAME | |
| Personal name | De Donno, Fabrice |
| Relator term | author |
| 245 00 - TITLE STATEMENT | |
| Title | Epreuves de sélection Gendarme adjoint volontaire 2025 : GAV APJA - GAV EP |
| 260 ## - PUBLICATION, DISTRIBUTION, ETC. | |
| Name of publisher, distributor, etc. | Dunod,<br/> |
| Date of publication, distribution, etc. | 2025.<br/> |
| 520 ## - SUMMARY, ETC. | |
| Summary, etc. | Le recrutement des Gendarmes Adjoints Volontaires Agents de Police Judiciaire Adjoints (GAV APJA) et des Gendarmes Adjoints Volontaires Emploi Particulier (GAV EP) se déroule lors d’examens de sélection qui ont lieu régulièrement tout au long de l’année. Afin d’accompagner les candidats le long du processus de recrutement et de les préparer efficacement les épreuves, l’ouvrage propose : • une présentation du processus de recrutement ; • une présentation du métier de gendarme adjoint et de la gendarmerie nationale ; • le programme de révision en ligne pour s’organiser • les connaissances en fiches synthétiques à maîtriser ; • les bonnes méthodologie pour réussir ; • des QCM, exercices et sujets corrigés pour s’évaluer et progresser. Les candidats trouveront de nombreux entraînements pour réussir les épreuves : - QCM de connaissances générales - Compréhension de textes - Tests psychotechniques - Lettre de motivation - Entretien À la fin de l’ouvrage, entraînez-vous avec les 8 sujets corrigés originaux. |
| 700 10 - ADDED ENTRY--PERSONAL NAME | |
| Personal name | Grenier, Nicolas |
| Relator term | author |
| 700 10 - ADDED ENTRY--PERSONAL NAME | |
| Personal name | Pelletier, Corinne |
| Relator term | author |
| 700 10 - ADDED ENTRY--PERSONAL NAME | |
| Personal name | Priet, Benoît |
| Relator term | author |
| 856 41 - ELECTRONIC LOCATION AND ACCESS | |
| Uniform Resource Identifier | <a href="https://droit.cairn.info/epreuves-de-selection-gendarme-adjoint-volontaire-2025--9782100876143?lang=fr&redirect-ssocas=7080">https://droit.cairn.info/epreuves-de-selection-gendarme-adjoint-volontaire-2025--9782100876143?lang=fr&redirect-ssocas=7080</a> |
Pas d'exemplaire disponible.




Réseaux sociaux